| 000 | 00620nam a2200169Ia 4500 | ||
|---|---|---|---|
| 008 | 090711s9999 xx 000 0 und d | ||
| 082 | _b77692 | ||
| 100 | _aखळदकर अरविंद के. | ||
| 245 | _aगुंतवणुकीSो शास्त्र | ||
| 260 |
_bकौशिक प्रकाशन _c1995 |
||
| 300 | _a112 | ||
| 600 | _aखळदकर अरविंद के. | ||
| 630 | _aगुंतवणुकीSो शास्त्र | ||
| 700 | _aखळदकर अरविंद के. | ||
| 730 | _aगुंतवणुकीSो शास्त्र | ||
| 942 | _cBOOK | ||
| 999 |
_c327302 _d327302 |
||